| 000 | 00425pab a2200169 454500 | ||
|---|---|---|---|
| 008 | 180718b2007 xxu||||| |||| 00| 0 eng d | ||
| 100 | _aBoughrara, Adel | ||
| 245 | _aCan Tunisia move to inflation targeting? | ||
| 260 | _c2007 | ||
| 300 | _ap.27-62. | ||
| 362 | _aMar | ||
| 650 | _aMonetary policy - Tunisia | ||
| 650 | _aInflation - Tunisia | ||
| 650 | _aInflation | ||
| 773 | _aDeveloping Economies | ||
| 909 | _a73243 | ||
| 999 |
_c73243 _d73243 |
||